=LDR 00000nam 2200000 4500 =001 INLIS000000000004907 =005 20130612093156 =008 ***********************************Ind** =035 ##$$0010-061300000004907 =041 ##$$a Ind =082 ##$$a 796.352 =090 ##$$a 796.352, Hog p =100 ##$$a HOGAN, Ben =245 ##$$a Power Golf / oleh Ben Hogan. -- =260 ##$$a 1997 $b Semarang : Dahara Prize =300 ##$$a xiii, 207 hlm. : ilus. ; 21 cm =650 ##$$a Golf =850 ##$$a NBPNMAT